[Event "Troisdorf op"]
[Site "Troisdorf"]
[Date "2014.11.04"]
[Round "3"]
[White "Correa Lira, Juan Ignacio"]
[Black "Hahmann, Markus"]
[Result "0-1"]
[WhiteElo "1567"]
[BlackElo "1866"]
[PlyCount "49"]
[EventDate "2014.10.21"]
[EventType "swiss"]
[EventRounds "7"]
[EventCountry "GER"]
[SourceTitle "EXT 2016"]
[Source "ChessBase"]
[SourceDate "2015.10.08"]
[SourceVersion "1"]
[SourceVersionDate "2015.10.08"]
[SourceQuality "1"]

1. f4 d5 2. Nf3 c6 3. e3 Bg4 4. h3 Bxf3 5. Qxf3 Nf6 6. b3 g6 7. Bb2 Bg7 8. d3 0-0 9. Nd2 Nbd7 10. Be2 Qa5 11. g4 Rfe8 12. g5 Nh5 13. Bxg7 Nxg7 14. a3 Qc3 15. Rd1 e5 16. 0-0 Nf5 17. e4 Qc5+ 18. Rf2 Nd4 19. Qg4 Nxe2+ 20. Qxe2 exf4 21. b4 Qxc2 22. Rxf4 dxe4 23. dxe4 Rad8 24. Qc4 Qxd1+ 25. Rf1 0-1

[Event "Troisdorf op "]
[Site "Troisdorf"]
[Date "2010.10.26"]
[Round "1"]
[White "Correa Lira, Juan Ignacio"]
[Black "Schmidt, Kai Uwe"]
[Result "0-1"]
[WhiteElo "1555"]
[BlackElo "1923"]
[PlyCount "62"]
[EventDate "2010.10.26"]
[EventType "swiss"]
[EventRounds "7"]
[EventCountry "GER"]
[SourceTitle "EXT 2013"]
[Source "ChessBase"]
[SourceDate "2012.11.22"]
[SourceVersion "1"]
[SourceVersionDate "2012.11.22"]
[SourceQuality "1"]

1. f4 g6 2. Nf3 Bg7 3. e3 d6 4. d3 e5 5. e4 exf4 6. Be2 Ne7 7. 0-0 0-0 8. Qe1 d5 9. Nc3 Nbc6 10. Bxf4 Bg4 11. Ng5 Bxe2 12. Nxe2 h6 13. Nf3 g5 14. Be3 f5 15. exf5 Nxf5 16. Bc5 Re8 17. Qd2 b6 18. Ba3 Ne3 19. Rf2 Re6 20. c3 Ng4 21. Rff1 Qe8 22. Rae1 Ne3 23. Rf2 Rd8 24. Ng3 d4 25. c4 Ne5 26. Nxd4 N5xc4 27. Qc1 Bxd4 28. dxc4 Ng4 29. Rxe6 Qxe6 30. Qf1 Nxf2 31. Ne2 Be3 0-1